000 00698nam a22002417a 4500
001 335
003 BD-RjUL
005 20211208233148.0
008 131117r20091994ii d||| |||| 001 0 eng d
020 _a9788173710216
020 _a817371021 X
035 _a(BD-RjUL)352
040 _aBD-RjUL
_beng
_cBD-RjUL
_dBD-RjUL
041 _aeng
082 4 _2 19
_a 526.9
_bVET 1994
100 1 _a Venkatramaiah, C.
_91069
245 1 _aTextbook of surveying /
_cC. Venkatramaiah
260 _aHyderabad :
_b Universities Press;
_cc1994 [Reprinted 2009]
300 _aa xv,676p. :
_b ill. ;
_c24cm.
504 _aIncludes bibliographies and index.
650 _2LCSH
_a Surveying.
_91070
942 _2ddc
_cBK
999 _c335
_d335